Application of a combination of hard and soft modeling for equilibrium systems to the quantitative analysis of pH-modulated mixture samples /
Gorde:
| Beste egile batzuk: | , , , , |
|---|---|
| Formatua: | Artikulua |
| Hizkuntza: | English |
| Gaiak: | |
| Etiketak: |
Etiketa erantsi
Etiketarik gabe, Izan zaitez lehena erregistro honi etiketa jartzen!
|
| Thư viện lưu trữ: | Thư viện Trường Đại học Đà Lạt |
|---|
| LEADER | 01114nam a2200349 4500 | ||
|---|---|---|---|
| 001 | DLU090096793 | ||
| 005 | ##20091201 | ||
| 040 | # | # | |a DLU |b eng |
| 041 | # | # | |a eng |
| 044 | # | # | |a us |
| 245 | # | # | |a Application of a combination of hard and soft modeling for equilibrium systems to the quantitative analysis of pH-modulated mixture samples / |c Josef Diewok ... [et al.]. |
| 653 | # | # | |a Chemical equilibrium |
| 653 | # | # | |a Fourier transform spectroscopy |
| 653 | # | # | |a Implementation |
| 653 | # | # | |a Infrared spectrometry |
| 653 | # | # | |a Least squares method |
| 653 | # | # | |a Multivariate analysis |
| 700 | # | # | |a Diewok, Josef. |
| 700 | # | # | |a Juan, Anna de. |
| 700 | # | # | |a Lendl, Bernhard. |
| 700 | # | # | |a Maeder, Marcel. |
| 700 | # | # | |a Tauler, Roma. |
| 773 | # | # | |t Analytical Chemistry |g Vol. 75, no. 3 (February 2003), p. 641-647 |
| 920 | # | # | |a Phòng Tạp chí -- Trung tâm Thông tin - Thư viện Trường Đại học Đà Lạt |
| 994 | # | # | |a DLU |
| 900 | # | # | |a True |
| 911 | # | # | |a Trương Bảo Trâm Anh |
| 925 | # | # | |a G |
| 926 | # | # | |a A |
| 927 | # | # | |a BB |
| 980 | # | # | |a Thư viện Trường Đại học Đà Lạt |